Culture Générale - Série 1584 - Statistiques

Statistiques générales
  • Ce quiz a été pris 161 fois
  • Le résultat moyen est 5 sur 10
Statistiques - réponses
Question Réponse % Correct
De quelle île sont originaires les vahinés ? Tahiti
89%
La cataire, une plante très appréciée des félins, est plus communément appelée herbe aux... chats
87%
En 1864, dans quelle ville est signée la Convention permettant à la Croix-Rouge de soigner les blessés de guerre ? Genève
78%
De quel pays, les joueurs de rugby "Les Pumas", sont-ils les représentants ? Argentine
68%
Quel astronome italien découvrit les principaux satellites de Jupiter, en 1610 ? Galilée
63%
Quel grand acteur américain, né en 1899, était surnommé : "Bogie" ? Humphrey Bogart
45%
Comment appelle-t-on la sous-cape recouvrant le noyau d'un cigare (anagramme : pitre) ? tripe
41%
Quel auteur dramatique allemand a fondé le Berliner Ensemble, à Berlin-Est en 1949 ? Bertolt Brecht
14%
Dans la mythologie grecque, qui est le père d'Achille ? Pélée
6%
À quel écrivain doit-on les contes fantastiques “Les Élixirs du diable”, “La Princesse Brambilla” et "Le Chat Murr" ? Hoffmann
4%
Aucun quiz correspondant
Distribution des résultats
% des personnes avec chaque résultat
Percentile par nombre de réponses
Votre historique - résultats
Vous n’avez pas pris ce quiz